Evolución en el trópico : los amerindios de Costa Rica /

保存先:
書誌詳細
第一著者: Barrantes, Ramiro
フォーマット: 不明
言語:Spanish
出版事項: San José, Costa Rica : Editorial de la Universidad de Costa Rica, 1993.
主題:
タグ: タグ追加
タグなし, このレコードへの初めてのタグを付けませんか!

MARC

LEADER 000000000a22000000004500
001 001689
020 |a 9977672199 
041 0 |a spa 
082 0 4 |a 972.860.1   |b B268e 
100 1 |a Barrantes, Ramiro 
245 1 0 |a Evolución en el trópico :   |b los amerindios de Costa Rica /   |c Ramiro Barrantes. 
260 1 |a San José, Costa Rica :   |b Editorial de la Universidad de Costa Rica,   |c 1993. 
300 |a 221 páginas :   |b ilustraciones, mapas 
500 |a Número de inscripción 14764 
650 4 |a INDIOS COSTARRICENSES 
650 4 |a INDIOS PANAMEÑOS 
999 |c 8380  |d 8380 
942 |c BK  |h 972.860.1 B268e  |2 z